BIBLIOTECA PODER JUDICIAL
Portal Judicial TDF

Los efectos temporales de la anulación del acto administrativo favorable ante la buena fe del ciudadano / (Registro nro. 6146)

000 -LEADER
fixed length control field 01359nabaa22001937a 4500
003 - CONTROL NUMBER IDENTIFIER
control field OSt
005 - DATE AND TIME OF LATEST TRANSACTION
control field 20260122235009.0
008 - FIXED-LENGTH DATA ELEMENTS--GENERAL INFORMATION
fixed length control field 190701b xxu||||| |||| 00| 0 spa d
040 ## - CATALOGING SOURCE
Transcribing agency PJ
100 ## - MAIN ENTRY--PERSONAL NAME
9 (RLIN) 6900
Personal name Gerosa, Alejo Martín
245 13 - TITLE STATEMENT
Title Los efectos temporales de la anulación del acto administrativo favorable ante la buena fe del ciudadano /
Statement of responsibility, etc Alejo Martín Gerosa.
300 ## - PHYSICAL DESCRIPTION
Extent p. 57-72
505 ## - FORMATTED CONTENTS NOTE
Formatted contents note Sumario: I. Introducción.— II. Aplicación analógica del derecho civil al derecho administrativo en materia de nulidades.— III. El régimen de la nulidad absoluta civil.— IV. Consideraciones de la doctrina nacional.— V. Jurisprudencia relevante y doctrina de la PTN.— VI. La importancia de la confianza que el ciudadano depositó en la Administración.— VII. La paradoja del transcurso del tiempo como agravante de la posición de la Administración y como elemento favorable al ciudadano.— VIII. Distinción entre la declaración de invalidez y sus efectos temporales.— IX. Conclusiones.
505 ## - FORMATTED CONTENTS NOTE
Title ¿Te interesa el texto completo? Comunicate al correo: koha@justierradelfuego.gov.ar
650 #0 - SUBJECT ADDED ENTRY--TOPICAL TERM
9 (RLIN) 211
Topical term or geographic name as entry element DERECHO ADMINISTRATIVO
650 #0 - SUBJECT ADDED ENTRY--TOPICAL TERM
9 (RLIN) 1171
Topical term or geographic name as entry element ACTO ADMINISTRATIVO
773 0# - HOST ITEM ENTRY
Host Biblionumber 2842
Host Itemnumber 3251
Place, publisher, and date of publication Buenos Aires : AbeledoPerrot, 2012-
Other item identifier DA121
Title Derecho administrativo. Nº 150 noviembre/diciembre 2023
International Standard Book Number 18510590
942 ## - ADDED ENTRY ELEMENTS (KOHA)
Source of classification or shelving scheme
Koha item type Analítica Artículo de Revista

No hay ítems disponibles.

12 de Octubre 789 Ushuaia - Tel:  54(02901)441571
Horario de Atención: 8.00 a 17.00 hs. 
bibliotecaush@justierradelfuego.gov.ar
koha@justierradelfuego.gov.ar
Seguinos en nuestras redes @bibliojustdf 

Con tecnología Koha